Нормален изглед
MARC изглед
- Bach, Johann Christian
Вход 01. Лично име
001 - Контролен номер на записа
- Контролно поле: 4201
003 - Код на организацията, даваща контролен номер
- Контролно поле: BLK
005 - Дата и час на последна промяна на записа
- Контролно поле: 20241004151125.0
008 - Данни с фиксирана дължина – обща информация
- Данни с фиксирана дължина : 180403n| acnz|abbn | aba d
100 1# - ИМЕ НА ЛИЦЕ -ПЪРВИЧНА ИНТЕЛЕКТУАЛНА ОТГОВОРНОСТ
- Лично име: Bach, Johann Christian
- Дати, свързани с автора: 1735 - 1782
372 ## - Сфера на дейност
- Сфера на дейност: Композитор. Син на Йохан Себастиан Бах.
942 ## - Системна служебна употреба
- Koha auth type: PERSO_NAME